Lecciones de derechos humanos
Saved in:
| Main Authors: | , |
|---|---|
| Andre forfattere: | |
| Format: | Bog |
| Sprog: | spansk |
| Udgivet: |
Valparaíso
EDEVAL
1997
|
| Serier: | Colección Cursos, 9
|
| Fag: | |
| Tags: |
Tilføj Tag
Ingen Tags, Vær først til at tagge denne postø!
|
MARC
| LEADER | 00000nam a2200000 a 4500 | ||
|---|---|---|---|
| 001 | UCQ0597 | ||
| 003 | CL-VaPUC | ||
| 008 | 980628e19970000CL |||||||||||||||||spa|d | ||
| 082 | 0 | 4 | |a 341.481 |b GAR |2 21 |
| 100 | |a García-Huidobro Correa, Joaquín |e author |9 587370 | ||
| 700 | 0 | |a Martínez, José Ignacio |e author |9 413817 | |
| 700 | |a Núñez Poblete, Manuel Antonio |e autor |9 820157 | ||
| 245 | 1 | 0 | |a Lecciones de derechos humanos |
| 300 | |a 395 p | ||
| 942 | |c BK | ||
| 945 | |d 19980628 00:00:00 |a mvenant | ||
| 260 | |a Valparaíso |b EDEVAL |c 1997 | ||
| 650 | 0 | |a Derechos humanos |9 223025 | |
| 650 | 0 | |a Derecho natural |9 255041 | |
| 650 | 0 | |a Libertad |9 255686 | |
| 650 | 7 | |a PROTECCION |2 CL-VaPUC |9 413819 | |
| 583 | |a last modification |c 19980628 00:00:00 |k Rodrigo Vera | ||
| 490 | 0 | |a Colección Cursos, 9 | |
| 999 | |c 271649 |d 271647 | ||
| 952 | |0 0 |1 0 |4 0 |6 341_481000000000000_GAR_1997 |7 0 |8 A |9 306358 |a BIBDER |b BIBDER |d 2019-11-20 |i 3439623 |l 1 |m 4 |o 341.481 GAR 1997 |p 3439623 |q 2025-12-31 |r 2020-03-12 |s 2020-03-12 |w 2019-11-20 |y BK |k DER | ||
| 952 | |0 0 |1 0 |4 0 |6 341_481000000000000_GAR_1997 |7 0 |8 A |9 306359 |a BIBDER |b BIBDER |d 2019-11-20 |i 3453510 |l 1 |o 341.481 GAR 1997 |p 3453510 |r 2023-05-03 |s 2023-04-21 |w 2019-11-20 |y BK |k DER | ||
| 952 | |0 0 |1 0 |4 0 |6 341_481000000000000_GAR_1997 |7 0 |8 A |9 306360 |a BIBDER |b BIBDER |d 2019-11-20 |i 3453529 |l 1 |o 341.481 GAR 1997 |p 3453529 |r 2023-01-25 |s 2022-09-21 |w 2019-11-20 |y BK |k DER | ||
| 952 | |0 0 |1 0 |4 0 |6 341_481000000000000_GAR_1997 |7 0 |8 A |9 306361 |a BIBDER |b BIBDER |d 2019-11-20 |i 3467074 |o 341.481 GAR 1997 |p 3467074 |r 2023-01-25 |w 2019-11-20 |y BK |k DER | ||